Australian cities multiple choice: Brisbane - Statistics

General Stats
  • This quiz has been taken 63 times
  • The average score is 8 of 15
Answer Stats
Question Answer % Correct
Tokyo, Paris, Los Angeles, Brisbane Summer Olympic Games
96%
What is the Gabba? Brisbane Cricket Ground
93%
Where can you find the Queensland Conservatorium, the Australian Broadcasting Corporation Brisbane Centre, State Library of Queensland, Queensland Museum and Queensland Performing Arts Centre? Southbank
93%
Brisbane's main newspaper, published daily except Sundays, has gone by what name since 1933? Courier-Mail
81%
What is the Ekka? The annual agricultural show of the Royal National Agricultural and Industrial Association of Queensland
78%
What are Bremer, Logan, Albert and Pine? Rivers
74%
Which is not a Brisbane suburb? Casino
67%
Which early and influential punk rock group came from Brisbane? The Saints
67%
Who was the mascot for the 1982 Commonwealth Games? Matilda the kangaroo
63%
What makes the Walter Taylor Bridge in Indooroopilly unique in the southern hemisphere? It has a built-in residence
44%
Before the airport was built, what was the name of the area where the current Brisbane airport stands? Cribb Island
26%
Story Bridge in New Farm has a twin, which is... Jacques-Cartier Bridge, Montreal
22%
Australia's first rocket launch took place in 1935, from a ship in the Brisbane river. What was inside the rocket? Envelopes
15%
Which of these quintessentially Brisbane novels won the Miles Franklin Award? 'Tirra lirra by the river' by Jessica Anderson
15%
Which of Mount Coot-tha's peaks is the highest point in Brisbane? Constitution Hill
4%
No matching quizzes found
Score Distribution
Percent of People with Each Score
Percentile by Number Answered
Your Score History
You have not taken this quiz